000 00367nam a2200133Ia 4500
005 20260328104336.0
008 260328s9999||||xx |||||||||||||| ||und||
100 _aSchmid, Nils
245 0 _aSchloss Schwetzingen; Hochschule fur rechtspflege und justizakademie /
_cNils Schmid
260 _bBaden -Wurttemberg
300 _a38 p.
650 _aESCUELAS
942 _cBK
999 _c11923
_d11923